Mikrobiologický kurz 2007 : 19. júna 2007 /

Uloženo v:
Podrobná bibliografie
Hlavní autor: Prokšová, Miloslava
Médium: Kniha
Jazyk:slovenština
Vydáno: Bratislava : Výskumný ústav vodného hospodárstva, 2007
Vydání:1. vyd.
Témata:
ISBN:9788089062539
On-line přístup: Získat plný text
Tagy: Přidat tag
Žádné tagy, Buďte první, kdo vytvoří štítek k tomuto záznamu!

MARC

LEADER 00000nam a2200000 4500
003 SK-BrCVT
005 20220621163723.0
008 070924s2007 xo e ||||||slo d
020 |a 9788089062539 
035 |a CVTIDW1423142 
040 |b slo  |a CVTI SR  |e AACR2 
041 0 |a slo 
044 |a xo 
080 |a 579:628.161.1  |2 UDC-MRF 
100 1 |a Prokšová, Miloslava 
245 1 0 |a Mikrobiologický kurz 2007 :  |b 19. júna 2007 /  |c Autori: Miloslava Prokšová ... [et al.] 
250 |a 1. vyd. 
260 |a Bratislava :  |b Výskumný ústav vodného hospodárstva,  |c 2007 
300 |a 43 s. :  |b fotogr., grafy, lit., obr., tab. ; 
653 1 |a vodné hospodárstvo  |a technická norma  |a kvalita vody  |a mikroorganizmus  |a membránová filtrácia 
910 |b A603087 
919 |a 978-80-89062-53-9 
974 |f Knihy 
992 |a AZN 
999 |c 158889  |d 158889